Normal view
MARC view
- Alfabetización (Educación)
Entry Materia
001 - NÚMERO DE CONTROL DEL REGISTRO
- campo de control: 51978
003 - IDENTIFICADOR DE NUMERO DE CONTROL
- campo de control: MX-MxUPN
005 - FECHA Y HORA DE LA ÚLTIMA TRANSACCIÓN
- campo de control: 20240520132948.0
008 - DATOS DE LONGITUD FIJA
- campo de control de longitud fija: 240520dn fnannbabd n ana d
040 ## - FUENTE DE LA CATALOGACIÓN
- Centro catalogador de origen: MX-MxUPN
- Lengua de catalogación: spa
150 ## - ENCABEZAMIENTO - TEMÁTICO
- Término de materia o nombre geográfico como elemento inicial: Alfabetización (Educación)
- Subdivisión geográfica: Brasil
- Subdivisión de materia general: Historia
670 ## - FUENTE EN LA QUE SE LOCALIZARON DATOS
- Cita de la fuente: Autoridades BGTQ, 20 mayo 2024 :
- Información localizada: (Alfabetización (Educación) -- Brasil -- Historia)
902 ## - CATALOGADOR
- Catalogador: VíctorGodínez/200524
